000 00833nam a22002772a 4500
001 21482
003 BD-RjUL
005 20211209000706.0
008 140304r19651951nyuabd b 000 0 eng d
035 _a(BD-RjUL)21546
040 _aDLC
_cWCW
_dSER
_dUKM
_dEQO
_dBD-RjUL
_beng
041 _aeng
082 _a910
_bHUP
100 1 _aHuntington, Ellsworth,
_d1876-1947.
_966152
245 1 0 _aPrinciples of human geography /
_cEllsworth Huntington
250 _a6th ed.,
260 _aNew York :
_bWiley,
_c1951 [reprinted 1965
300 _axviii, 805 p. :
_billus., maps (part fold., part col.) charts. ;
_c24 cm
504 _aIncludes bibliographies
650 0 _aHuman geography
_966351
700 1 _aShaw, Earl B.
_966352
740 0 _aHuman geography
942 _2ddc
_cBK
999 _c21482
_d21482